00720nam a22002177b 4500003000500000005001700005008004100022020003000063040002400093041001200117082001300129100002800142245008900170260003700259300006200296490004800358655001800406655002600424655002200450700003000472322820260527170725.0260511b sa a|||j |||| 00| 1 eng d a9781849416382 (paperback) aMPLbengc2000erda aEnglish 0aETF DELA aDelaney, Josepheauthor aSpook's :bA new darkness /cJoseph Delaney ; interior illustrations b y David Wyatt aLondon :bRed Fox Books ,c2015. a287 pages ; 20 unnumbered pages :billustrations ;c20 cm aSpook's: The Starblade ChroniclesvBook One 0aYouth Fiction 0aGhost Stories Fiction 0a Suspence Fiction aWyatt, Davideillustrator